Z takzvanej parentetickej problematiky

Bibliographic Details
Main Author: Mikluš, Michal, 1932-2012 (Author)
Format: Article
Language:Slovak
PhysicalDescription:Res. rus., angl., lit. 23 zázn. v slov., češ., ruš., angl.
Subjects:

MARC

LEADER 00000nab a2200000 a 4500
001 vtls000197244
003 SK-MaSNL
005 20260305002247.0
008 160204c1983 xo 0 slo
015 |a SNBRA19rr/mm-uuuuu 
035 |a CL0207357 
040 |a SNKBUCL  |b slo  |c SNKBUCL  |e AACR2 
041 0 |a slo 
044 |a xo  |c SK 
080 |a 801.56  |2 1981 
100 1 |a Mikluš, Michal,  |d 1932-2012  |4 aut  |9 111020 
245 1 0 |a Z takzvanej parentetickej problematiky  |c Michal Mikluš 
300 |b Res. rus., angl., lit. 23 zázn. v slov., češ., ruš., angl. 
650 0 7 |a lingvistika  |2 snkbucl  |9 860 
650 0 7 |a parentéza  |2 snkbucl  |9 19759 
655 7 |a články zo zborníkov  |2 snkbucl  |9 166140 
773 0 |t Acta Facultatis philosophicae Universitatis Šafarikanae  |d Bratislava : SPN, 1983  |g S. 77-88 
850 |a Slovenská národná knižnica v Martine  |a MTA001 
852 |a SNK  |b KIS3GCP 
958 |a NB 
958 |a RK 
992 |a RZB 
999 |c 3224749  |d 3226679